おもさ200kg以上のポケモン - Statistics

General Stats
  • This quiz has been taken 136 times
  • The average score is 55 of 117
Answer Stats
おもさ 名前 % Correct
950.0 グラードン
90%
352.0 カイオーガ
90%
660.0 パルキア(オリジンフォルム)
84%
336.0 パルキア
84%
850.0 ディアルガ(オリジンフォルム)
82%
683.0 ディアルガ
82%
206.5 レックウザ
80%
216.0 ルギア
79%
345.0 ゼクロム
78%
333.0 レシラム
78%
230.0 ソルガレオ
77%
750.0 ギラティナ(アナザーフォルム)
76%
650.0 ギラティナ(オリジンフォルム)
76%
999.9 コスモウム
74%
950.0 ムゲンダイナ
73%
320.0 アルセウス
73%
215.0 ゼルネアス
71%
203.0 イベルタル
71%
550.0 メタグロス
70%
325.0 キュレム(ホワイトキュレム)
70%
325.0 キュレム(ブラックキュレム)
70%
325.0 キュレム
70%
202.0 バンギラス
70%
610.0 ジガルデ(パーフェクトフォルム)
69%
305.0 ジガルデ(50%フォルム)
69%
785.0 ザマゼンタ(たてのおう)
68%
460.0 カビゴン
68%
355.0 ザシアン(けんのおう)
68%
210.0 ザマゼンタ(れきせんのゆうしゃ)
68%
999.9 テッカグヤ
67%
400.0 ハガネール
67%
230.0 レジロック
66%
210.0 イワーク
66%
303.0 コライドン
65%
240.0 ミライドン
65%
420.0 レジギガス
64%
460.0 ネクロズマ(たそがれのたてがみ)
63%
350.0 ネクロズマ(あかつきのつばさ)
63%
230.0 ウルトラネクロズマ
63%
230.0 ネクロズマ
63%
210.0 カイリュー
63%
205.0 レジスチル
63%
398.0 ホエルオー
62%
316.0 ゴローニャ(アローラのすがた)
62%
300.0 ゴローニャ
62%
430.0 ヒードラン
60%
888.0 アクジキング
59%
360.0 ボスゴドラ
57%
260.0 テラキオン
55%
820.0 ツンデツンデ
54%
333.6 マッシブーン
52%
200.0 ビリジオン
49%
250.0 コバルオン
48%
999.7 ゲンシグラードン
47%
235.0 ギャラドス
46%
430.0 ゲンシカイオーガ
45%
282.8 ドサイドン
45%
310.0 ドダイトス
44%
505.0 クレベース
42%
262.4 クレベース(ヒスイのすがた)
42%
380.7 テツノカイナ
41%
260.0 ギガイアス
41%
392.0 メガレックウザ
40%
253.8 ハリテヤマ
38%
220.0 ヘイラッシャ
38%
310.5 セキタンザン
37%
920.0 バンバドロ
36%
334.1 ヌメルゴン(ヒスイのすがた)
36%
333.0 ゴルーグ
35%
320.0 イダイナキバ
35%
270.0 ガチゴラス
35%
202.5 メタング
34%
809.1 バドレックス(はくばじょうのすがた)
33%
800.0 ブリザポス
33%
800.0 メルメタル
33%
333.0 ガチグマ(アカツキ)
33%
300.0 カバルドン
33%
290.0 ガチグマ
33%
240.0 テツノワダチ
33%
200.0 レジドラゴ
33%
490.0 ときはなたれしフーパ
32%
303.0 テツノイバラ
32%
220.0 ラプラス
32%
650.0 ダイオウドウ
31%
220.0 バクーダ
31%
699.7 ディンルー
29%
520.0 イシヘンジン
29%
415.6 ナッシー(アローラのすがた)
29%
395.0 メガボスゴドラ
29%
340.0 ダイノーズ
29%
291.0 マンムー
29%
255.0 メガバンギラス
29%
942.9 メガメタグロス
27%
590.0 ウガツホムラ
27%
480.0 タケルライコ
27%
280.0 ウネルミナモ
27%
225.0 アマルルガ
27%
740.0 メガハガネール
26%
212.0 バクガメス
24%
210.0 セグレイブ
24%
305.0 メガギャラドス
23%
256.5 オニゴーリ
23%
240.0 キョジオーン
23%
380.0 トドロクツキ
22%
200.0 イワパレス
21%
260.0 ツンベアー
16%
200.5 ペンドラー
16%
320.5 メガバクーダ
14%
310.0 ミミズズ
14%
223.0 ドオー
14%
210.0 ダダリン
14%
700.0 ハルクジラ
13%
326.5 ラウドボーン
13%
215.0 ウオノラゴン
13%
350.2 メガオニゴーリ
10%
220.0 マンタイン
10%
250.0 シロデスナ
5%
No matching quizzes found
Score Distribution
Percent of People with Each Score
Percentile by Number Answered
Your Score History
You have not taken this quiz